000 00158 a2200085 4500
041 _aeng
100 _aLee, Harper
245 _aTo Kill A Mockingbird
942 _cBK
999 _c7006
_d7006